The Principles of Muhammadan Jurisprudence: (Record no. 614010)
[ view plain ]
| 000 -LEADER | |
|---|---|
| fixed length control field | 00380nam a22001217a 4500 |
| 082 ## - DEWEY DECIMAL CLASSIFICATION NUMBER | |
| Classification number | 340.59 |
| Author Mark | RAH |
| 100 ## - MAIN ENTRY--PERSONAL NAME | |
| Personal name | Rahim, Abdur |
| 245 ## - TITLE STATEMENT | |
| Title | The Principles of Muhammadan Jurisprudence: |
| Remainder of title | According to The Hanafi, Maliki, Shafi'i and Hanbali School / |
| Statement of responsibility, etc. | Abdur Rahim |
| 260 ## - PUBLICATION, DISTRIBUTION, ETC. | |
| Place of publication, distribution, etc. | Lahore: |
| Name of publisher, distributor, etc. | Mansoor Law Book House, |
| Date of publication, distribution, etc. | 2022. |
| 300 ## - PHYSICAL DESCRIPTION | |
| Extent | 376 p. |
| 563 ## - BINDING INFORMATION | |
| Binding note | HB. |
| 942 ## - ADDED ENTRY ELEMENTS (KOHA) | |
| Source of classification or shelving scheme | |
| Koha item type | Book |
| Withdrawn status | Lost status | Source of classification or shelving scheme | Damaged status | Not for loan | Permanent Location | Current Location | Date acquired | Total Checkouts | Full call number | Barcode | Date last seen | Price effective from | Koha item type |
|---|---|---|---|---|---|---|---|---|---|---|---|---|---|
| NUST Law School (NLS) | NUST Law School (NLS) | 06/29/2025 | 340.59 RAH | NLS-2999 | 06/29/2025 | 06/29/2025 | Book | ||||||
| NUST Law School (NLS) | NUST Law School (NLS) | 06/29/2025 | 340.59 RAH | NLS-3000 | 06/29/2025 | 06/29/2025 | Book | ||||||
| NUST Law School (NLS) | NUST Law School (NLS) | 06/29/2025 | 340.59 RAH | NLS-3001 | 06/29/2025 | 06/29/2025 | Book | ||||||
| NUST Law School (NLS) | NUST Law School (NLS) | 06/29/2025 | 340.59 RAH | NLS-3002 | 06/29/2025 | 06/29/2025 | Book |
